CUET / (Record no. 200212)

MARC details
000 -LEADER
fixed length control field 00516nam a22001937a 4500
005 - DATE AND TIME OF LATEST TRANSACTION
control field 20240123151702.0
010 ## - LCCN (DPL NO)
LC control number ENG-138935
020 ## - INTERNATIONAL STANDARD BOOK NUMBER
Terms of availability 149.00
035 ## - SYSTEM CONTROL NUMBER
System control number EN-122467
037 ## - SOURCE OF ACQUISITION
Source of stock number/acquisition DBAD/PUB
082 ## - DEWEY DECIMAL CLASSIFICATION NUMBER
Classification number 000
100 ## - MAIN ENTRY--PERSONAL NAME
Personal name GURPREET SINGH
245 ## - TITLE STATEMENT
Title CUET /
260 ## - PUBLICATION, DISTRIBUTION, ETC. (IMPRINT)
Place of publication, distribution, etc New Delhi
Name of publisher, distributor, etc Educational Publishers
Date of publication, distribution, etc 2022
270 ## - ADDRESS
Address 4583/15,Daryaganj, New Delhi-110002
300 ## - PHYSICAL DESCRIPTION
Extent 112 p.
Dimensions 29 cm(pbk)
710 ## - ADDED ENTRY--CORPORATE NAME
Corporate name or jurisdiction name as entry element Roma Chatterjee
Relator term Editor
9 (RLIN) 59600
942 ## - ADDED ENTRY ELEMENTS (KOHA)
Source of classification or shelving scheme Dewey Decimal Classification
Item type English Books
Classification part 000
Call number suffix CUE
Holdings
Withdrawn status Lost status Not for loan Collection code Home library Current library Date acquired Source of acquisition Cost, normal purchase price Full call number Barcode Copy number Cost, replacement price Koha item type
      Reference Sarojini Nagar Sarojini Nagar 18/01/2024 DBAD/PUB 149.00 000 GUR EN-122467 1 149.00 English Books

© Delhi Public Library
Hit Counter
free hit counter